Lo óptico y lo háptico : (Record no. 7274)

MARC details
000 -LEADER
campo de control de longitud fija 00433nam a2200133Ia 4500
005 - FECHA Y HORA DE LA ÚLTIMA TRANSACCIÓN
campo de control 20260326100048.0
008 - DATOS DE LONGITUD FIJA--INFORMACIÓN GENERAL
campo de control de longitud fija 260326s9999||||xx |||||||||||||| ||und||
100 ## - ENTRADA PRINCIPAL--NOMBRE DE PERSONA
Nombre de persona Museo de Arte Contemporáneo de Caracas
245 #0 - MENCIÓN DEL TÍTULO
Título Lo óptico y lo háptico :
Resto del título Obras y Proyectos de Enrique Larrañaga y Vilma Obaldía /
Mención de responsabilidad, etc. Museo de Arte Contemporáneo de Caracas
260 ## - PUBLICACIÓN, DISTRIBUCIÓN, ETC.
Nombre del editor, distribuidor, etc. La Galaxia
300 ## - DESCRIPCIÓN FÍSICA
Extensión 110 p.
650 ## - PUNTO DE ACCESO ADICIONAL DE MATERIA--TÉRMINO DE MATERIA
Término de materia o nombre geográfico como elemento de entrada ARQUITECTOS
942 ## - ELEMENTOS DE ENTRADA SECUNDARIOS (KOHA)
Tipo de ítem Koha Libros
Holdings
Estatus retirado Estado de pérdida Estado de daño No para préstamo Colección Biblioteca de origen Biblioteca actual Ubicación en estantería Fecha de adquisición Fuente de adquisición Número de inventario Total de préstamos Signatura topográfica completa Código de barras Visto por última vez Precio de reemplazo Tipo de ítem Koha
        General Biblioteca Gonzalo Peláez Caldas Biblioteca Gonzalo Peláez Caldas Colección general 26/03/2026 Compra 1039   A 920 L 3285 1039 26/03/2026 26/03/2026 Libros